| 000 | 00898nam a2200289 i 4500 | ||
|---|---|---|---|
| 001 | bgj | ||
| 100 | 1 | _aMONTGOMERY, Martin | |
| 245 | 1 | 0 |
_aAn introduction to language and society / _cMartin Montgomery. |
| 250 |
_a2nd ed. _a[repr.]. |
||
| 260 |
_aLondon : _bRoutledge, _c1996 _aNew York. |
||
| 300 |
_aXXIX, 272 pp : _bfig. ; _c20 cm. |
||
| 490 | 1 | _aStudies in culture and communication / John Fiske, gen. ed. | |
| 500 | _a2nd ed. publ. 1995. | ||
| 504 | _aReferences pp 156-165. | ||
| 505 | _aIncl. index. | ||
| 650 | 9 | _aSociolinguistics | |
| 650 | 9 | _aLanguage acquisition | |
| 650 | 9 | _aLanguages and culture | |
| 700 | 1 |
_aFISKE, John. _eed. |
|
| 830 | 0 | _aStudies in culture and communication (John Fiske, gen. ed.) | |
| 020 | _a0415072387 (pbk) | ||
| 040 | _cBPK | ||
| 041 | 0 | _aeng | |
| 920 | _a0-415-07238-7 (pbk) | ||
| 942 | _cKS | ||
| 008 | s uk f |000 0 eng | ||
| 999 |
_c50157 _d50157 |
||
| 856 |
_uhttp://koha.tu.koszalin.pl/cgi-bin/koha/opac-detail.pl?biblionumber=50157 _yKatalog online BPK |
||